00767nam a22002177a 4500999001900000005001700019010001300036020002600049035001300075037000900088082000800097100002300105245008400128250001200212260003600224270007200260300003300332500001900365942002200384952014300406 c181081d18108120210827154720.0 aB-741413 a9788123918938c618.00 aB-741413 bGift a617 aShenoy, Rajgopal K aManipal manual of surgery /cedited by Rajgopal Shenoy K.[and] Anitha Nileshwar a3rd ed. aNew DelhibCBS Publishersc2009 a4819/Xl Prahlad Street,24 Ansari Road Daryaganj,bNew Delhie110002 axxvi, 969p.:c28cm (Hb)bill aincludes index 2ddccENh617mSHE 001040708NFICaLbLd2021-08-27eGift/Eng/18.8.2021g618.00l0o617 SHEpB-741413r2021-08-27 00:00:00t1v618.00w2021-08-27yENzGift